Statistiques concernant Taylor Swift - imgonnagattouback ( All Lyrics )

Cliquez ici pour prendre le quiz!

Statistiques générales

  • Ce quiz a été pris 3 fois
  • Le résultat moyen est 328 sur 409

Statistiques - réponses

Réponse% Correct
back
100%
be
100%
bike
100%
bike,
100%
But
100%
but
100%
can
100%
decided
100%
feel
100%
get
100%
gonna
100%
Gonna
100%
got
100%
Haven't
100%
haven't
100%
hear
100%
house
100%
house,
100%
I
100%
"I
100%
I,
100%
if
100%
I'll
100%
I'm
100%
in
100%
it
100%
love
100%
me
100%
me,
100%
mine
100%
mine)
100%
my
100%
or
100%
Or
100%
smash
100%
someone
100%
that
100%
the
100%
Then,
100%
think
100%
to
100%
up
100%
Whether
100%
wife,
100%
yet
100%
You
100%
you
100%
your
100%
a
67%
an
67%
and
67%
And
67%
babe,
67%
body
67%
clean
67%
come
67%
could
67%
curse
67%
did
67%
Did
67%
ditch
67%
don't
67%
either
67%
end
67%
Even
67%
eyes
67%
fits
67%
flip
67%
Flip
67%
friends,
67%
game
67%
going
67%
hand
67%
hate
67%
here
67%
honey
67%
Honey?
67%
into
67%
it's
67%
just
67%
knew
67%
like
67%
make
67%
Martin
67%
might
67%
move
67%
never
67%
new
67%
not
67%
off,
67%
one
67%
out,
67%
party
67%
Pick
67%
play
67%
poison
67%
poison,
67%
price
67%
Push
67%
ran
67%
research
67%
same
67%
Say
67%
say,
67%
skin
67%
somebody
67%
something
67%
still
67%
take
67%
Take
67%
talk,
67%
tell
67%
thing,
67%
thing
67%
'til
67%
too"
67%
touch
67%
twice
67%
upper
67%
wanna
67%
wants
67%
way
67%
what
67%
when
67%
whispers
67%
will
67%
with
67%
You'll
67%
(You're
67%
Act
33%
all
33%
Aston
33%
at
33%
bar
33%
becoming
33%
button,
33%
bygone,
33%
Bygones
33%
care
33%
closet
33%
coming
33%
eras
33%
face,
33%
fading
33%
(fading
33%
find
33%
fix
33%
funny,
33%
gray
33%
gray)
33%
handcuffed,
33%
hid
33%
humming
33%
leave
33%
leaving
33%
Oh,
33%
(Oh)
33%
Once
33%
pieces,
33%
Pull
33%
reset
33%
script
33%
short
33%
skirt
33%
Small
33%
something's
33%
Standing
33%
steered
33%
straight
33%
Told
33%
we're
33%
were
33%
big
0%
bubbly
0%
dump
0%
else,
0%
Lilac
0%
Rebuild
0%
tThe
0%
Yeah
0%

Distribution des résultats

Percentile par nombre de réponses

% des personnes avec chaque résultat

Votre développement - résultats

Vous n’avez pas pris ce quiz